| 000 | 00492nam a2200217Ia 4500 | ||
|---|---|---|---|
| 008 | 210210b2010 xxu||||| |||| 00| 0 eng d | ||
| 020 | _a9781851686759 | ||
| 041 | _aeng | ||
| 082 | _a956 ROBM | ||
| 100 | _aROBINS (Philip) | ||
| 245 | _aMiddle east: a beginners guide | ||
| 260 |
_aEngland _bOneworld _c2010 |
||
| 300 | _axvii,226 | ||
| 650 | _aMiddle | ||
| 650 | _aguide | ||
| 650 | _aeast: | ||
| 650 | _abeginners | ||
| 650 | _aa | ||
| 690 | _aAsian History | ||
| 906 | _a066196 | ||
| 999 |
_c146642 _d146642 |
||